000 01257nam a2200349 i 4500
001 bg
003 KOSZ 005
005 20210528095931.0
008 990421s1983 pl a f f |001 0 pol
015 _aPB 1983/1888
020 _a8320402719
035 _a(OCoLC)830200239
040 _aWA N
_cKOSZ 005/HR
041 0 _apol
080 _a621.791/.795
080 _a(083.1)
245 0 0 _aSpawalnictwo.
_nT. 2,
_pTechnologia spajania i cięcia matali, dokumentacja i kontrola prac spawalniczych, przepisy i normy /
_c[aut. t. 1 i 2 Stanisław Bryś et al. ; koordynator Jerzy Mryka].
260 _aWarszawa :
_bWydawnictwa Naukowo-Techniczne,
_c1983.
300 _a822 ; XV, 754 s. :
_bfot., rys., wykr. ;
_c21 cm.
380 _aKsiążki.
490 1 _aPoradnik Inżyniera.
504 _aBibliogr. przy rozdz.- Indeksy.
658 _aInżynieria i technika
655 4 _aPoradnik
650 4 _aSpawalnictwo
700 1 _aMryka, Jerzy.
_eRedakcja
710 2 _aWydawnictwa Naukowo-Techniczne
_4pbl.
700 1 _aBryś, Stanisław
_eAutor
856 _uhttp://koha.tu.koszalin.pl/cgi-bin/koha/opac-detail.pl?biblionumber=1820
_yKatalog online BPK
830 0 _aPoradnik Inżyniera
942 _2UKD
_cKS
999 _c1820
_d1820